Państwa kończące się na -an - Statystyki

Ogólne statystyki
  • Ten quiz został rozwiązany 119 razy
  • Średni wynik to 10 z 14
Statystyki odpowiedzi
Kontynent Odpowiedź % Poprawnych
Azja Pakistan
88%
Azja Tadżykistan
86%
Azja Turkmenistan
85%
Azja Afganistan
83%
Azja/Europa Kazachstan
80%
Azja Kirgistan
79%
Azja Uzbekistan
79%
Azja Azerbejdżan
69%
Azja Oman
64%
Europa Watykan
59%
Azja Iran
57%
Azja Bhutan
54%
Azja Liban
54%
Afryka Sudan
46%
Nie znaleziono quizów pasujących do podanych kryteriów
Rozkład punktacji
Procent ludzi z każdym wynikiem
Percentyl według liczby udzielonych odpowiedzi
Twoja historia wyników
Nie rozwiązałeś tego quizu